<?xml version="1.0" encoding="UTF-8"?>
<record
    xmlns:xsi="http://www.w3.org/2001/XMLSchema-instance"
    xsi:schemaLocation="http://www.loc.gov/MARC21/slim http://www.loc.gov/standards/marcxml/schema/MARC21slim.xsd"
    xmlns="http://www.loc.gov/MARC21/slim">

  <leader>01184nam a2200265Ia 4500</leader>
  <controlfield tag="001">10593</controlfield>
  <controlfield tag="003">GE_BSU</controlfield>
  <controlfield tag="008">181216s||||||||xx |||||||||||||| ||und||</controlfield>
  <datafield tag="020" ind1=" " ind2=" ">
    <subfield code="a">9789941052217</subfield>
  </datafield>
  <datafield tag="040" ind1=" " ind2=" ">
    <subfield code="c">GE_BSU</subfield>
  </datafield>
  <datafield tag="080" ind1=" " ind2=" ">
    <subfield code="a">336.763+339.727</subfield>
  </datafield>
  <datafield tag="100" ind1=" " ind2=" ">
    <subfield code="a">&#x10E5;&#x10DD;&#x10E5;&#x10D8;&#x10D0;&#x10E3;&#x10E0;&#x10D8;,&#x10DA;&#x10D0;&#x10DB;&#x10D0;&#x10E0;&#x10D0;</subfield>
  </datafield>
  <datafield tag="245" ind1=" " ind2=" ">
    <subfield code="a">&#x10E4;&#x10D8;&#x10DC;&#x10D0;&#x10DC;&#x10E1;&#x10E3;&#x10E0;&#x10D8; &#x10D1;&#x10D0;&#x10D6;&#x10D0;&#x10E0;&#x10D8;.&#x10E4;&#x10D0;&#x10E1;&#x10D8;&#x10D0;&#x10DC;&#x10D8; &#x10E5;&#x10D0;&#x10E6;&#x10D0;&#x10DA;&#x10D3;&#x10D4;&#x10D1;&#x10D8;&#x10E1; &#x10D1;&#x10D0;&#x10D6;&#x10E0;&#x10D8;&#x10E1; &#x10E4;&#x10E3;&#x10DC;&#x10D3;&#x10D0;&#x10DB;&#x10D4;&#x10DC;&#x10E2;&#x10E3;&#x10E0;&#x10D8; &#x10D3;&#x10D0; &#x10E2;&#x10D4;&#x10E5;&#x10DC;&#x10D8;&#x10D9;&#x10E3;&#x10E0;&#x10D8; &#x10D0;&#x10DC;&#x10D0;&#x10DA;&#x10D8;&#x10D6;&#x10D8;.</subfield>
  </datafield>
  <datafield tag="245" ind1=" " ind2=" ">
    <subfield code="c">&#x10DB;&#x10D4;&#x10EA;&#x10DC;&#x2013;&#x10E0;&#x10D4;&#x10D3;:&#x10D2;&#x10D8;&#x10DD;&#x10E0;&#x10D2;&#x10D8; &#x10E6;&#x10D0;&#x10D5;&#x10D7;&#x10D0;&#x10EB;&#x10D4;.</subfield>
  </datafield>
  <datafield tag="260" ind1=" " ind2=" ">
    <subfield code="a">&#x10D7;&#x10D1;&#x10D8;&#x10DA;&#x10D8;&#x10E1;&#x10D8;</subfield>
  </datafield>
  <datafield tag="260" ind1=" " ind2=" ">
    <subfield code="b">&#x10E1;&#x10D0;&#x10E5;.&#x10E2;&#x10D4;&#x10E5;&#x10DC;.&#x10E3;&#x10DC;&#x2013;&#x10E2;&#x10D8;.</subfield>
  </datafield>
  <datafield tag="260" ind1=" " ind2=" ">
    <subfield code="c">2013.</subfield>
  </datafield>
  <datafield tag="300" ind1=" " ind2=" ">
    <subfield code="a">626&#x10D2;&#x10D5;;26&#x10E1;&#x10DB;.</subfield>
  </datafield>
  <datafield tag="300" ind1=" " ind2=" ">
    <subfield code="b">&#x10D2;&#x10E0;&#x10D0;&#x10E4;.</subfield>
  </datafield>
  <datafield tag="300" ind1=" " ind2=" ">
    <subfield code="c">&#x10D3;&#x10D0;&#x10DC;&#x10D0;&#x10E0;&#x10D7;&#x10D8; &#x10D2;&#x10D5;.572&#x2013;598.</subfield>
  </datafield>
  <datafield tag="300" ind1=" " ind2=" ">
    <subfield code="e">&#x10D1;&#x10D8;&#x10D1;&#x10DA;&#x10D8;&#x10DD;&#x10D2;&#x10E0;. &#x10D2;&#x10D5;:598&#x2013;594. &#x10DC;&#x10D0;&#x10EE;.</subfield>
  </datafield>
  <datafield tag="541" ind1=" " ind2=" ">
    <subfield code="h">30&#x10DA;.</subfield>
  </datafield>
  <datafield tag="653" ind1=" " ind2=" ">
    <subfield code="a">&#x10E4;&#x10D8;&#x10DC;&#x10D0;&#x10DC;&#x10E1;&#x10E3;&#x10E0;&#x10D8; &#x10D1;&#x10D0;&#x10D6;&#x10D0;&#x10E0;&#x10D8;.&#x10E4;&#x10D0;&#x10E1;&#x10D8;&#x10D0;&#x10DC;&#x10D8; &#x10E5;&#x10D0;&#x10E0;&#x10D0;&#x10DA;&#x10D3;&#x10D4;&#x10D1;&#x10D8;&#x10E1; &#x10D1;&#x10D0;&#x10D6;&#x10E0;&#x10D8;&#x10E1; &#x10E4;&#x10E3;&#x10DC;&#x10D3;&#x10D0;&#x10DB;&#x10D4;&#x10DC;&#x10E2;&#x10E3;&#x10E0;&#x10D8; &#x10D3;&#x10D0; &#x10E2;&#x10D4;&#x10E5;&#x10DC;&#x10D8;&#x10D9;&#x10E3;&#x10E0;&#x10D8; &#x10D0;&#x10DC;&#x10D0;&#x10DA;&#x10D8;&#x10D6;&#x10D8;.</subfield>
  </datafield>
  <datafield tag="942" ind1=" " ind2=" ">
    <subfield code="c">BK</subfield>
  </datafield>
  <datafield tag="999" ind1=" " ind2=" ">
    <subfield code="c">43845</subfield>
    <subfield code="d">43845</subfield>
  </datafield>
  <datafield tag="952" ind1=" " ind2=" ">
    <subfield code="0">0</subfield>
    <subfield code="1">0</subfield>
    <subfield code="4">0</subfield>
    <subfield code="7">0</subfield>
    <subfield code="9">55936</subfield>
    <subfield code="d">2018-12-17</subfield>
    <subfield code="p">34412</subfield>
    <subfield code="r">2018-12-17</subfield>
    <subfield code="w">2018-12-17</subfield>
    <subfield code="y">BK</subfield>
  </datafield>
  <datafield tag="952" ind1=" " ind2=" ">
    <subfield code="0">0</subfield>
    <subfield code="1">0</subfield>
    <subfield code="4">0</subfield>
    <subfield code="7">0</subfield>
    <subfield code="9">55937</subfield>
    <subfield code="d">2018-12-17</subfield>
    <subfield code="p">35041</subfield>
    <subfield code="r">2018-12-17</subfield>
    <subfield code="w">2018-12-17</subfield>
    <subfield code="y">BK</subfield>
  </datafield>
  <datafield tag="952" ind1=" " ind2=" ">
    <subfield code="0">0</subfield>
    <subfield code="1">0</subfield>
    <subfield code="4">0</subfield>
    <subfield code="7">0</subfield>
    <subfield code="9">55938</subfield>
    <subfield code="d">2018-12-17</subfield>
    <subfield code="p">35042</subfield>
    <subfield code="r">2018-12-17</subfield>
    <subfield code="w">2018-12-17</subfield>
    <subfield code="y">BK</subfield>
  </datafield>
  <datafield tag="952" ind1=" " ind2=" ">
    <subfield code="0">0</subfield>
    <subfield code="1">0</subfield>
    <subfield code="4">0</subfield>
    <subfield code="7">0</subfield>
    <subfield code="9">55939</subfield>
    <subfield code="d">2018-12-17</subfield>
    <subfield code="p">46594 38 &#x10DA;.</subfield>
    <subfield code="r">2018-12-17</subfield>
    <subfield code="w">2018-12-17</subfield>
    <subfield code="y">BK</subfield>
    <subfield code="z">38&#x10DA;.</subfield>
  </datafield>
  <datafield tag="952" ind1=" " ind2=" ">
    <subfield code="0">0</subfield>
    <subfield code="1">0</subfield>
    <subfield code="4">0</subfield>
    <subfield code="7">0</subfield>
    <subfield code="9">55940</subfield>
    <subfield code="d">2018-12-17</subfield>
    <subfield code="p">46595  38 &#x10DA;</subfield>
    <subfield code="r">2018-12-17</subfield>
    <subfield code="w">2018-12-17</subfield>
    <subfield code="y">BK</subfield>
    <subfield code="z">38 &#x10DA;</subfield>
  </datafield>
  <datafield tag="952" ind1=" " ind2=" ">
    <subfield code="0">0</subfield>
    <subfield code="1">0</subfield>
    <subfield code="4">0</subfield>
    <subfield code="7">0</subfield>
    <subfield code="9">55941</subfield>
    <subfield code="d">2018-12-17</subfield>
    <subfield code="p">46596  38 &#x10DA;</subfield>
    <subfield code="r">2018-12-17</subfield>
    <subfield code="w">2018-12-17</subfield>
    <subfield code="y">BK</subfield>
    <subfield code="z">38 &#x10DA;</subfield>
  </datafield>
  <datafield tag="952" ind1=" " ind2=" ">
    <subfield code="0">0</subfield>
    <subfield code="1">0</subfield>
    <subfield code="4">0</subfield>
    <subfield code="7">0</subfield>
    <subfield code="9">55942</subfield>
    <subfield code="d">2018-12-17</subfield>
    <subfield code="p">46597  38 &#x10DA;</subfield>
    <subfield code="r">2018-12-17</subfield>
    <subfield code="w">2018-12-17</subfield>
    <subfield code="y">BK</subfield>
    <subfield code="z">38 &#x10DA;</subfield>
  </datafield>
  <datafield tag="952" ind1=" " ind2=" ">
    <subfield code="0">0</subfield>
    <subfield code="1">0</subfield>
    <subfield code="4">0</subfield>
    <subfield code="7">0</subfield>
    <subfield code="9">55943</subfield>
    <subfield code="d">2018-12-17</subfield>
    <subfield code="p">46598 38 &#x10DA;</subfield>
    <subfield code="r">2018-12-17</subfield>
    <subfield code="w">2018-12-17</subfield>
    <subfield code="y">BK</subfield>
    <subfield code="z">38 &#x10DA;</subfield>
  </datafield>
</record>
